000
00286nam a22001337a 4500
008
171101b xxu||||| |||| 00| 0 eng d
020
_a
9780673460172
041
_a
eng
080
_a
339
100
_a
59
101
_a
TRE
245
_a
DERIVATIVE MARKETS
_c
PETER.R
942
_2
udc
_c
BK
999
_c
37038
_d
37038